| 000 | 00789nam a22002177a 4500 | ||
|---|---|---|---|
| 999 |
_c8584 _d8584 |
||
| 003 | AR-CdUCM | ||
| 008 | 190325b ||||| |||| 00| 0 spa d | ||
| 020 | _a968-6046-48-8 | ||
| 040 |
_aMUNICIPALIDAD PROVINCIAL DEL CUSCO _cBIBLIOTECA MUNICIPAL DEL CUSCO |
||
| 082 |
_a536.7 / _bR47 |
||
| 100 |
_aReynolds, William C. _924037 |
||
| 245 | _aIngeniería termodinámica / | ||
| 260 |
_aMéxico : _bMcGraw - Hill, _c1980. |
||
| 300 |
_a714 páginas ; _c24 cm. |
||
| 505 | _aContenido : Algunas consideraciones preliminares -- La energía y la primera ley -- Porpiedades y estado -- Estado de sustancias simples ... | ||
| 650 |
_aIngeniería _910043 |
||
| 650 |
_aTermodinámica _919746 |
||
| 700 |
_aCorral García, Fernando R. (Traductor) _924038 |
||
| 942 |
_2ddc _cLIBROS |
||
| 945 | _arah | ||